| 000 | 00767nam a22002057a 4500 | ||
|---|---|---|---|
| 999 |
_c18053 _d18053 |
||
| 003 | AR-CdUCM | ||
| 008 | 190511b ||||| |||| 00| 0 spa d | ||
| 040 |
_aMUNICIPALIDAD PROVINCIAL DEL CUSCO _cBIBLIOTECA MUNICIPAL DEL CUSCO |
||
| 082 |
_23ed. _a3601.6 / _bF56 |
||
| 100 |
_aFirth, Raymond _938405 |
||
| 245 |
_aTipos Humanos : _buna introducción a la antropología social / |
||
| 260 |
_aBuenos Aires : _bEudeba, _c1966. |
||
| 300 |
_a250 páginas ; _c19 cm. |
||
| 505 | _aCaracteristicas raciales y diferencias mentales -- El hombre y la naturaleza -- Trabajo y riqueza en las comunidades primitivas... | ||
| 650 |
_aAntropología social. _938406 |
||
| 650 |
_aHombre y medio. _938407 |
||
| 650 |
_aSociabilidad. _938408 |
||
| 942 |
_2ddc _cLIBROS |
||
| 945 | _awfj | ||